| 000 | 00929cam a22002655a 4500 | ||
|---|---|---|---|
| 001 | 18192601 | ||
| 005 | 20161012112346.0 | ||
| 008 | 140618t2013 enka frb 001 0 eng d | ||
| 020 | _a9781780767680 | ||
| 040 |
_aDLC _beng _cDLC _dEG-ScBUE |
||
| 043 |
_an-us--- _aa-sy--- |
||
| 082 | 0 | 4 |
_a327.7305691 _222 _bMOU |
| 100 | 1 |
_aMoubayed, Sami M. _941466 |
|
| 245 | 1 | 0 |
_aSyria and the USA : _bWashington's relations with Damascus from Wilson to Eisenhower / _cSami Moubayed. |
| 246 | 3 | _aSyria and the United States of America | |
| 250 | _aNew paperback ed. | ||
| 260 |
_aLondon ; _aNew York : _bI. B. Tauris, _cc.2013. |
||
| 300 |
_axv, 207 p.: _bill. ; _c22 cm. |
||
| 504 | _aIncludes bibliographical references and indexes. | ||
| 650 | _2BUEsh | ||
| 651 | 0 |
_aUnited States _xForeign relations _zSyria. _2BUEsh _941467 |
|
| 651 | 0 |
_aSyria _xForeign relations _zUnited States. _2BUEsh |
|
| 653 |
_bBUSBOL _cOctober2016 |
||
| 942 | _2ddc | ||
| 999 |
_c22523 _d22495 |
||